[Event "AUTO-ADV-739"]
[Site "http://www.queenalice.com/game.php?id=319302"]
[Date "2007.12.13"]
[Round "1"]
[White "ajbsantos"]
[Black "gato"]
[Result "1-0"]
[WhiteElo "1784"]
[BlackElo "1746"]

1. d4 d5 2. c4 dxc4 3. Nf3 Nf6 4. e3 Bg4 5. Bxc4 e6 6. h3 Bh5 7. Nc3 Bb4 8. O-O
O-O 9. a3 Bxc3 10. bxc3 Ne4 11. Bb2 c6 12. Be2 Bxf3 13. Bxf3 Ng5 14. Be2 f5 15.
c4 Nd7 16. Qc2 Nf6 17. Rad1 Nfe4 18. f3 Ng3 19. Rf2 Qc7 20. Qc3 Rf6 21. d5 Rd8
22. Qe5 Nxe2+ 23. Rxe2 Qf7 24. d6 Qh5 25. Kf2 Qh4+ 26. Qg3 Qxg3+ 27. Kxg3 Rg6
28. Kf2 Nf7 29. c5 b6 30. cxb6 axb6 31. d7 e5 32. Red2 e4 33. f4 Re6 34. a4 g5
35. g3 gxf4 36. gxf4 Kf8 37. a5 bxa5 38. Ba3+ Kg8 39. Rg1+ Kh8 40. Bb2+ Ne5 41.
Bxe5+ Rxe5 42. fxe5 1-0

[Event "AUTO-ADV-739"]
[Site "http://www.queenalice.com/game.php?id=319303"]
[Date "2007.12.13"]
[Round "1"]
[White "gato"]
[Black "ajbsantos"]
[Result "0-1"]
[WhiteElo "1762"]
[BlackElo "1753"]

1. e4 e5 2. Nf3 Nc6 3. Bb5 a6 4. Bxc6 dxc6 5. O-O Qd6 6. Nc3 Nf6 7. d4 Bg4 8.
Bg5 Be7 9. Bxf6 Bxf6 10. d5 O-O 11. Qd3 cxd5 12. Nxd5 Rad8 13. c4 c6 14. Nxf6+
Qxf6 15. Qe2 Rd7 16. Rad1 Rfd8 17. Rxd7 Rxd7 18. Rd1 Bxf3 19. gxf3 Qe6 20. Rxd7
Qxd7 21. b3 Qd4 22. Kg2 f6 23. Qe3 Kf7 24. Qxd4 exd4 25. Kf1 c5 26. Ke2 Ke6 27.
f4 g5 28. f5+ Ke5 29. f3 a5 30. a4 b6 31. Kf2 Kf4 32. Ke2 h5 33. h3 g4 34. hxg4
hxg4 35. fxg4 Kxe4 36. g5 Kxf5 37. gxf6 Kxf6 38. Kd3 Ke5 39. Kd2 Kf4 40. Kd3 Kf3
41. Kd2 Ke4 42. Kd1 Kd3 43. Kc1 Kc3 0-1

[Event "AUTO-ADV-739"]
[Site "http://www.queenalice.com/game.php?id=319314"]
[Date "2007.12.13"]
[Round "1"]
[White "jared"]
[Black "gato"]
[Result "1-0"]
[WhiteElo "1672"]
[BlackElo "1782"]

1. d4 d5 2. e3 Nf6 3. Nf3 Bg4 4. Be2 Bxf3 5. Bxf3 e6 6. O-O Bd6 7. Bd2 c5 8.
dxc5 Bxc5 9. Be2 O-O 10. Qe1 Nc6 11. a3 Qc7 12. Nc3 Bd6 13. g3 a6 14. b4 b5 15.
Bf3 Ne5 16. Qe2 Nxf3+ 17. Qxf3 Be5 18. Qg2 Bxc3 19. Bxc3 Qxc3 20. Rfc1 Ne4 21.
Qf1 Nd2 22. Qd3 Nf3+ 23. Kg2 Qf6 24. Qe2 Ng5 25. a4 Ne4 26. axb5 axb5 27. Rxa8
Rxa8 28. f3 Nc3 29. Qd2 Ra3 30. Qd4 Qxd4 31. exd4 Ne2 32. Rd1 Nc3 33. Rd3 f5 34.
f4 h5 35. h3 Nb1 36. Rd1 Nc3 37. Rd3 Kf7 38. Kf3 Nd1 39. Rxa3 Nb2 40. Ra5 Nc4
41. Rxb5 Kf6 42. Rb8 Kf7 43. b5 Ke7 44. b6 Kd6 45. b7 Kc7 46. Re8 Kxb7 47. Rxe6
Nd2+ 48. Kg2 Ne4 49. Re5 Kc6 50. Rxf5 g6 51. Rf8 g5 52. fxg5 Nxg5 53. Rf5 Ne4
54. Rxh5 Nc3 55. g4 Nb5 56. g5 Nxd4 57. g6 Ne6 58. Re5 Kd6 59. Rxe6+ Kxe6 60. g7
Kf7 61. g8=Q+ Kxg8 62. Kf3 Kf7 63. Ke3 Ke6 64. Kd4 Kf5 65. Kxd5 1-0

[Event "AUTO-ADV-739"]
[Site "http://www.queenalice.com/game.php?id=319315"]
[Date "2007.12.13"]
[Round "1"]
[White "gato"]
[Black "jared"]
[Result "1-0"]
[WhiteElo "1780"]
[BlackElo "1753"]

1. e4 e5 2. f4 f6 3. Nf3 Nc6 4. fxe5 fxe5 5. Bc4 d6 6. d3 Bg4 7. c3 Bxf3 8. Qxf3
Qf6 9. Nd2 Qxf3 10. Nxf3 Be7 11. Bg5 h6 12. Bxe7 Ngxe7 13. O-O O-O-O 14. b4 g5
15. a4 a6 16. b5 Na5 17. Be6+ Kb8 18. Rfb1 Ka7 19. c4 Rb8 20. d4 exd4 21. Nxd4
c5 22. Nb3 Nxb3 23. Rxb3 b6 24. a5 Rhe8 25. axb6+ Rxb6 26. Rxa6+ Rxa6 27. bxa6
Kxa6 28. Bd7 Rf8 29. Bb5+ Ka7 30. Ra3+ Kb7 31. Ra6 Ra8 32. Rxd6 Kc7 33. Rd7+ 1-0

[Event "AUTO-ADV-739"]
[Site "http://www.queenalice.com/game.php?id=319320"]
[Date "2007.12.13"]
[Round "1"]
[White "vindaloo"]
[Black "gato"]
[Result "0-1"]
[WhiteElo "1913"]
[BlackElo "1758"]

1. e4 e5 2. Nf3 Nc6 3. Bc4 Nf6 4. Nc3 Bb4 5. d3 Bxc3+ 6. bxc3 a6 7. O-O b5 8.
Bb3 a5 9. a3 a4 10. Ba2 d5 11. exd5 Nxd5 12. Bb2 Be6 13. c4 bxc4 14. Bxc4 O-O
15. Nxe5 Nxe5 16. Bxe5 c6 17. Bd4 Ra5 18. Bb2 Nf4 19. Bxe6 fxe6 20. d4 Rg5 21.
g3 Qd5 22. f3 Qd6 23. Bc1 Rg6 24. c3 Qd5 25. Bxf4 Rxf4 26. Kf2 Rf8 27. Re1 Rgf6
28. Re3 Qc4 29. Qd2 Qd5 30. Qd3 Qb3 31. Qd2 Qd5 32. f4 g5 33. Re5 Qd6 34. Rxg5+
Kh8 35. Rg4 e5 36. Kf3 Qd5+ 37. Kf2 c5 38. Ke3 exf4+ 39. Rxf4 Qe6+ 40. Kf3 Qd5+
41. Kf2 Rxf4+ 42. gxf4 cxd4 43. cxd4 Qh5 44. Rh1 Qh4+ 45. Kf3 Qh3+ 46. Ke4 Re8+
47. Kd5 Qf5+ 48. Kc4 Rc8+ 49. Kb4 Rb8+ 50. Kc3 Rb3+ 51. Kc4 Qb5# 0-1

[Event "AUTO-ADV-739"]
[Site "http://www.queenalice.com/game.php?id=319321"]
[Date "2007.12.13"]
[Round "1"]
[White "gato"]
[Black "vindaloo"]
[Result "1-0"]
[WhiteElo "1730"]
[BlackElo "1835"]

1. e4 c5 2. Nf3 d6 3. Nc3 Nf6 4. d4 cxd4 5. Nxd4 Nc6 6. Bb5 Bd7 7. Bxc6 bxc6 8.
O-O e5 9. Nf3 Be7 10. Ng5 O-O 11. f4 Qb6+ 12. Kh1 exf4 13. Rxf4 h6 14. Nf3 Nh5
15. Rh4 Bxh4 16. Nxh4 f5 17. Qxh5 fxe4 18. Bxh6 Qxb2 19. Rg1 Qxc3 20. Ng6 Rf5
21. Ne7+ Kf8 22. Nxf5 Bxf5 23. Qxf5+ Kg8 24. Qe6+ Kh8 25. Bf4 d5 26. Rf1 Qc5 27.
Be5 Rf8 28. Qh6+ Kg8 29. Qxg7# 1-0

[Event "Challenge"]
[Site "http://www.queenalice.com/game.php?id=341374"]
[Date "2008.1.23"]
[Round "-"]
[White "Marcelo_Bruno"]
[Black "gato"]
[Result "1-0"]
[WhiteElo "1717"]
[BlackElo "1724"]

1. e4 c5 2. f4 e6 3. Nf3 Nc6 4. c3 d5 5. e5 Be7 6. d4 cxd4 7. cxd4 Bb4+ 8. Bd2
Nge7 9. Bxb4 Nxb4 10. a3 Qa5 11. Nc3 a6 12. axb4 Qxb4 13. Qa4+ Nc6 14. Be2 O-O
15. Qxb4 Nxb4 16. O-O Nc2 17. Rac1 Ne3 18. Rfe1 b5 19. Bd3 Bb7 20. Rxe3 Rac8 21.
Ree1 b4 22. Na4 Rb8 23. Rc7 f6 24. Rec1 fxe5 25. fxe5 Rf7 26. Rxf7 Kxf7 27. Rc7+
Kf8 28. Bxh7 a5 29. Ng5 Ba6 30. Nxe6+ Ke8 31. Bg6# 1-0

[Event "Challenge"]
[Site "http://www.queenalice.com/game.php?id=342276"]
[Date "2008.1.24"]
[Round "-"]
[White "gato"]
[Black "patoche"]
[Result "0-1"]
[WhiteElo "1766"]
[BlackElo "2102"]

1. e4 Nc6 2. d4 d5 3. e5 f6 4. Bb5 Bd7 5. Bxc6 Bxc6 6. e6 Qd6 7. Qe2 g6 8. Nf3
Bh6 9. Bxh6 Nxh6 10. Nc3 Nf5 11. O-O Qb4 12. Rab1 Nxd4 13. Nxd4 Qxd4 14. Rbd1
Qc5 15. Rfe1 d4 16. Ne4 Qe5 17. Qc4 Bxe4 18. Rxd4 Bd5 19. Qb5+ Bc6 20. Rxe5 Bxb5
21. Rxb5 Rb8 22. Rd7 a6 23. Rb4 Rd8 24. Rxd8+ Kxd8 25. Rxb7 Kc8 26. Ra7 Kb8 27.
Rxa6 Rd8 28. Kf1 Rd2 29. Rc6 Kb7 30. Rc3 Rd6 31. Re3 Rd2 32. Rc3 Rd6 33. a4 Rxe6
34. Re3 Rc6 35. c3 e5 36. b4 Rc4 37. Ke2 c5 38. Kd3 Rg4 39. g3 Kc6 40. b5+ Kd5
41. c4+ Rxc4 42. a5 Rb4 43. Kc2 Rxb5 44. Ra3 Rb7 45. a6 Ra7 46. Ra5 Kc6 47. Ra3
Kb5 48. Kc3 Rxa6 49. Rxa6 Kxa6 50. Kc4 Kb6 51. h3 Kc6 52. f3 f5 53. h4 h5 54.
Kc3 Kd5 55. Kd3 c4+ 56. Kc3 e4 57. fxe4+ fxe4 58. Kd2 Kd4 59. Ke2 c3 60. Kd1 Ke3
0-1

[Event "Challenge"]
[Site "http://www.queenalice.com/game.php?id=346602"]
[Date "2008.2.1"]
[Round "-"]
[White "Bixu"]
[Black "gato"]
[Result "0-1"]
[WhiteElo "1731"]
[BlackElo "1723"]

1. e4 c5 2. Nf3 Nc6 3. Bc4 Nf6 4. e5 Ng4 5. Qe2 d5 6. Bb5 Qb6 7. h3 Nxe5 8. Nxe5
Bd7 9. Nxd7 Kxd7 10. Ba4 Kc7 11. O-O f6 12. Nc3 Rd8 13. Qf3 e6 14. Qf4+ e5 15.
Qf3 e4 16. Qg3+ Ne5 17. Bb3 c4 18. Ba4 a6 19. b3 d4 20. Nxe4 Qe6 21. d3 b5 22.
bxc4 bxa4 23. c5 Kc6 24. Rb1 Nd7 25. Ba3 Qxa2 26. Bb4 Qxc2 27. Qf3 Ne5 28. Qf5
Re8 29. Nxf6 Qxd3 30. Qxd3 Nxd3 31. Ba5 gxf6 32. Rb6+ Kxc5 33. Rxf6 Bg7 34. Rxa6
Ra8 35. Rxa8 Rxa8 36. Bd2 a3 37. f4 a2 38. Ra1 Kc4 39. Kf1 Kb3 40. Ke2 Nxf4+ 41.
Bxf4 d3+ 42. Kxd3 Bxa1 43. Ke4 Bf6 0-1

[Event "AUTO-OPEN-879"]
[Site "http://www.queenalice.com/game.php?id=349871"]
[Date "2008.2.7"]
[Round "2"]
[White "gato"]
[Black "fbn"]
[Result "0-1"]
[WhiteElo "1704"]
[BlackElo "1872"]

1. e4 e6 2. e5 d5 3. d4 c5 4. Nf3 cxd4 5. Nxd4 Bc5 6. Bb5+ Bd7 7. Bxd7+ Qxd7 8.
O-O Bxd4 9. Qxd4 Nc6 10. Qf4 Nge7 11. Be3 Ng6 12. Qg5 Ncxe5 13. Bd4 f6 14. Qh5
Nc6 15. c3 e5 16. Be3 O-O-O 17. Qe2 a6 18. a4 e4 19. Bb6 Rdf8 20. b4 Qd6 21. Bc5
Qc7 22. Bxf8 Rxf8 23. b5 Nb8 24. Qb2 a5 25. b6 Qc5 26. Kh1 Nd7 27. Qa3 Qxb6 28.
Nd2 f5 29. Rab1 Qc6 30. Rfc1 b6 31. Nb3 Nde5 32. Nd4 Nc4 33. Qa2 Qf6 0-1

[Event "AUTO-OPEN-879"]
[Site "http://www.queenalice.com/game.php?id=349872"]
[Date "2008.2.7"]
[Round "2"]
[White "fbn"]
[Black "gato"]
[Result "1-0"]
[WhiteElo "1862"]
[BlackElo "1714"]

1. e4 e5 2. Nf3 d6 3. Nc3 Nc6 4. Bc4 Bg4 5. h3 Bxf3 6. Qxf3 Nf6 7. d3 Nd4 8. Qd1
a6 9. O-O b5 10. Bb3 a5 11. a4 b4 12. Ne2 c5 13. Nxd4 cxd4 14. Bd2 Be7 15. c3
dxc3 16. bxc3 d5 17. Re1 O-O 18. c4 d4 19. Qf3 Nh5 20. Qxh5 Bf6 21. Qg4 Ra6 22.
f4 Bh4 23. Rf1 Rg6 24. Qf3 Rg3 25. Qe2 Qd6 26. f5 Bg5 27. Bxg5 Rxg5 28. h4 Rg3
29. Rf3 Rg4 30. g3 Qh6 31. Qh2 Rd8 32. Bd1 1-0

[Event "Challenge"]
[Site "http://www.queenalice.com/game.php?id=354009"]
[Date "2008.2.14"]
[Round "-"]
[White "Mike36bh"]
[Black "gato"]
[Result "1/2-1/2"]
[WhiteElo "1784"]
[BlackElo "1765"]

1. d4 d5 2. Nc3 e6 3. a3 Nf6 4. Bf4 Bd6 5. Bxd6 Qxd6 6. Nf3 Nc6 7. e3 e5 8. dxe5
Nxe5 9. Bd3 Nxd3+ 10. cxd3 O-O 11. h3 a6 12. O-O b5 13. d4 Bb7 14. Ne5 Ne4 15.
Nxe4 dxe4 16. f3 f6 17. Ng4 Qg3 18. fxe4 Bxe4 19. Qd2 f5 20. Ne5 Rad8 21. Rac1
Rf6 22. Rxc7 Rh6 23. Rf2 Rxh3 24. Kf1 Rh1+ 25. Ke2 Rf8 26. b4 Rg1 27. Qa2+ Kh8
28. Nf7+ Kg8 29. Ne5+ Kh8 30. Nf7+ Kg8 31. Ne5+ Kh8 1/2-1/2

[Event "Challenge"]
[Site "http://www.queenalice.com/game.php?id=358645"]
[Date "2008.2.21"]
[Round "-"]
[White "leinad3"]
[Black "gato"]
[Result "1/2-1/2"]
[WhiteElo "1690"]
[BlackElo "1730"]

1. d4 d5 2. Nc3 Nf6 3. Nf3 Ne4 4. e3 Bg4 5. Bd2 Nxd2 6. Qxd2 Bxf3 7. gxf3 e6 8.
Rg1 Qf6 9. Nb5 Bd6 10. Nxd6+ cxd6 11. Bb5+ Nc6 12. Bxc6+ bxc6 13. f4 c5 14. c3
c4 15. Qc2 O-O 16. Kd2 Qh4 17. Rg2 f5 18. Rag1 Rf6 19. Rxg7+ Kh8 20. Kc1 Qxh2
21. R7g2 Qh5 22. Rg5 Qh2 23. Qe2 Rh6 24. Qf1 Qh3 25. Qe2 Rh4 26. Qd1 Rg4 27.
R5xg4 fxg4 28. Rxg4 Rg8 29. Rxg8+ Kxg8 30. Kd2 h5 31. Qg1+ Qg4 32. Qxg4+ hxg4
33. Ke2 Kg7 34. Kf1 Kf6 35. Kg2 Kf5 36. f3 gxf3+ 37. Kxf3 a6 38. a3 Kf6 39. Kg4
a5 40. a4 Kg6 41. Kf3 Kf5 42. Kf2 Ke4 43. Ke2 e5 44. fxe5 dxe5 45. dxe5 Kxe5 46.
Kf3 Kf5 47. Kf2 Ke4 48. Ke2 Ke5 49. Kf3 Kf5 50. Kf2 Ke5 51. Kf3 1/2-1/2

[Event "Challenge"]
[Site "http://www.queenalice.com/game.php?id=358646"]
[Date "2008.2.21"]
[Round "-"]
[White "gato"]
[Black "leinad3"]
[Result "0-1"]
[WhiteElo "1742"]
[BlackElo "1662"]

1. e4 Nc6 2. Nf3 e5 3. Bb5 Nf6 4. Nc3 a6 5. Bxc6 bxc6 6. Nxe5 Bb4 7. O-O Bxc3 8.
dxc3 Qe7 9. Qd4 c5 10. Qc4 Qxe5 11. f4 Qh5 12. f5 O-O 13. Bf4 a5 14. Bxc7 Ba6
15. Qxc5 Bxf1 16. Rxf1 Nxe4 17. Qd5 Nf6 18. Qb5 Rfe8 19. Qb7 Qe2 20. Bg3 Qxc2
21. Re1 Rxe1+ 22. Bxe1 Re8 23. Kf1 Qe2+ 0-1

[Event "AUTO-OPEN-913"]
[Site "http://www.queenalice.com/game.php?id=362825"]
[Date "2008.2.28"]
[Round "2"]
[White "Brandon"]
[Black "gato"]
[Result "1-0"]
[WhiteElo "2413"]
[BlackElo "1718"]

1. e4 c5 2. Nf3 Nc6 3. d4 cxd4 4. Nxd4 e5 5. Nb5 Nf6 6. N1c3 Bb4 7. a3 Bxc3+ 8.
Nxc3 O-O 9. Bg5 h6 10. Bh4 Nd4 11. Bd3 g5 12. Bg3 d6 13. Qd2 Nh5 14. Ne2 Nxe2
15. Bxe2 Nf4 16. O-O-O Nxe2+ 17. Qxe2 f5 18. Bxe5 Re8 19. Rxd6 Qa5 20. Qc4+ Kf8
21. Rf6+ Ke7 22. Qf7+ Kd8 23. Rd6+ 1-0

[Event "AUTO-OPEN-913"]
[Site "http://www.queenalice.com/game.php?id=362826"]
[Date "2008.2.28"]
[Round "2"]
[White "gato"]
[Black "Brandon"]
[Result "0-1"]
[WhiteElo "1716"]
[BlackElo "2416"]

1. e4 c5 2. Nf3 Nc6 3. Bb5 e6 4. O-O Nge7 5. d4 Qc7 6. d5 Nd4 7. Nxd4 cxd4 8.
Bd3 Ng6 9. Nd2 Bd6 10. Nf3 Bc5 11. a3 O-O 12. b4 Bb6 13. Bb2 e5 14. Rc1 d6 15.
c3 dxc3 16. Bxc3 Qd8 17. Bd2 a5 18. Ng5 axb4 19. axb4 Ra3 20. Bc2 h6 21. Nf3 Bg4
22. Rb1 Nh4 23. Rb3 Rxb3 24. Bxb3 Qf6 25. Be3 Nxf3+ 26. gxf3 Bxf3 0-1

[Event "AUTO-OPEN-913"]
[Site "http://www.queenalice.com/game.php?id=362829"]
[Date "2008.2.28"]
[Round "2"]
[White "Botvinnik_Mikhail"]
[Black "gato"]
[Result "1-0"]
[WhiteElo "1872"]
[BlackElo "1739"]

1. c4 c5 2. Nf3 Nc6 3. Nc3 Nf6 4. g3 e5 5. d3 d5 6. cxd5 Nxd5 7. Bg2 Bd6 8. Nxd5
Nd4 9. O-O O-O 10. e4 Bg4 11. Be3 Ne6 12. h3 Bh5 13. g4 Bg6 14. Rc1 Rc8 15. h4
f6 16. h5 Bf7 17. Nh4 Nd4 18. Nf5 Nxf5 19. exf5 b6 20. Nc3 a6 21. Ne4 Bd5 22.
Nxf6+ Qxf6 23. Bxd5+ Kh8 24. Be6 Rcd8 25. g5 Qe7 26. Qg4 Qe8 27. g6 h6 28. Bxh6
Be7 29. Be3 Bf6 30. h6 gxh6 31. Qh5 Qe7 32. Qxh6+ 1-0

[Event "AUTO-OPEN-913"]
[Site "http://www.queenalice.com/game.php?id=362830"]
[Date "2008.2.28"]
[Round "2"]
[White "gato"]
[Black "Botvinnik_Mikhail"]
[Result "0-1"]
[WhiteElo "1728"]
[BlackElo "1883"]

1. e4 c5 2. Nf3 d6 3. d4 cxd4 4. Nxd4 Nf6 5. Nc3 a6 6. Bg5 e6 7. Bd3 Be7 8. O-O
Nbd7 9. e5 Nxe5 10. Bxf6 Bxf6 11. Ne4 Be7 12. Nf3 Nxd3 13. Qxd3 d5 14. Ng3 Bf6
15. c3 e5 16. Qc2 O-O 17. Rae1 Re8 18. Nd2 e4 19. Nb3 Qc7 20. Rd1 Rd8 21. Nd4
Bg4 22. f3 exf3 23. Nxf3 d4 24. Ne4 dxc3 25. Rxd8+ Bxd8 26. Neg5 Bxg5 27. Nxg5
Qc5+ 28. Kh1 Qxg5 29. Qxc3 Rc8 30. Qe1 Be6 31. b3 Rc2 32. Qb1 Qxg2# 0-1